<?xml version="1.0" encoding="UTF-8"?>
<collection xmlns="http://www.loc.gov/MARC21/slim">
 <record>
  <leader>00854pamaa2200205   4500</leader>
  <controlfield tag="001">0000049089</controlfield>
  <controlfield tag="005">20130117090000.0</controlfield>
  <controlfield tag="008">110526                             eng  </controlfield>
  <datafield tag="020" ind1="0" ind2="0">
   <subfield code="a">9789678915571 / 967891557x (pbk.) </subfield>
  </datafield>
  <datafield tag="090" ind1="0" ind2="0">
   <subfield code="a">KPG764.51971.A4 </subfield>
   <subfield code="b">INH 2010</subfield>
  </datafield>
  <datafield tag="240" ind1="0" ind2="0">
   <subfield code="a">Akta Pewarisan (Peruntukan Keluarga) 1971</subfield>
  </datafield>
  <datafield tag="245" ind1="1" ind2="0">
   <subfield code="a">Inheritance (Family Provision) Act 1971 (Act 39) &amp; Distribution Act 1958 (Act 300) : </subfield>
   <subfield code="b">as at 25th June 2010  </subfield>
   <subfield code="c">compiled by Legal Research Board.</subfield>
  </datafield>
  <datafield tag="260" ind1="0" ind2="0">
   <subfield code="a">Petaling Jaya, Selangor Darul Ehsan: </subfield>
   <subfield code="b">International Law Book Services : Sole distributor, Golden Books Centre, </subfield>
   <subfield code="c">2010.</subfield>
  </datafield>
  <datafield tag="300" ind1=" " ind2=" ">
   <subfield code="a">20 p.; </subfield>
   <subfield code="c">25 cm.</subfield>
  </datafield>
  <datafield tag="440" ind1="0" ind2="0">
   <subfield code="a">Laws of Malaysia</subfield>
  </datafield>
  <datafield tag="501" ind1="0" ind2="0">
   <subfield code="a">BNFPI</subfield>
  </datafield>
  <datafield tag="650" ind1="0" ind2="0">
   <subfield code="a">Inheritance and succession -- </subfield>
   <subfield code="z">Malaysia </subfield>
  </datafield>
  <datafield tag="745" ind1="1" ind2="0">
   <subfield code="a">Family Provision</subfield>
  </datafield>
  <datafield tag="745" ind1="1" ind2="0">
   <subfield code="a">Distribution Act 1958 (Act 300)</subfield>
  </datafield>
  <datafield tag="901" ind1=" " ind2=" ">
   <subfield code="u">http://www.malaysialawbooks.com</subfield>
  </datafield>
 </record>
</collection>
